[Event "Railway 5 Countries 32nd"]
[Site "Berlin"]
[Date "2022.09.17"]
[Round "5.7"]
[White "Taylor, William J"]
[Black "Buergi, Oswald"]
[Result "1-0"]
[WhiteElo "1983"]
[BlackElo "2091"]
[PlyCount "53"]
[EventDate "2022.09.15"]
[EventType "team-tourn"]
[EventRounds "5"]
[EventCountry "GER"]
[SourceTitle "CBM 210 Extra"]
[Source "ChessBase"]
[SourceDate "2022.11.30"]
[SourceVersion "1"]
[SourceVersionDate "2022.11.30"]
[SourceQuality "1"]
[WhiteTeam "Great Britain"]
[BlackTeam "Switzerland"]
[WhiteTeamCountry "GBR"]
[BlackTeamCountry "SUI"]

1. e4 d6 2. d4 Nf6 3. Nc3 e5 4. Nf3 exd4 5. Nxd4 Be7 6. g3 0-0 7. Bg2 Re8 8. 0-0 Bf8 9. h3 c5 10. Nde2 Nc6 11. Bf4 a6 12. Qd2 Ne5 13. b3 Be6 14. Rad1 Nfd7 15. g4 h5 16. gxh5 Bxh3 17. Qe3 Bxg2 18. Kxg2 Nf6 19. Ng3 Qa5 20. Bg5 Nh7 21. Nd5 Nc6 22. Nf5 Rxe4 23. Qxe4 Nxg5 24. Qg4 Ne6 25. Nh6+ Kh7 26. Nxf7 Ned8 27. Nf6+ 1-0

[Event "Davos Summer op 21st"]
[Site "Davos"]
[Date "2022.08.07"]
[Round "4"]
[White "Rueger, Alexander"]
[Black "Buergi, Oswald"]
[Result "0-1"]
[WhiteElo "1827"]
[BlackElo "2091"]
[PlyCount "108"]
[EventDate "2022.08.05"]
[EventType "swiss"]
[EventRounds "5"]
[EventCountry "SUI"]
[SourceTitle "CBM 209 Extra"]
[Source "ChessBase"]
[SourceDate "2022.09.30"]
[SourceVersion "1"]
[SourceVersionDate "2022.09.30"]
[SourceQuality "1"]

1. d4 d6 2. Nf3 Nf6 3. c4 Nbd7 4. Nc3 e5 5. e4 Be7 6. g3 0-0 7. Bg2 c6 8. 0-0 Re8 9. h3 Qc7 10. Be3 Bf8 11. Qd2 exd4 12. Nxd4 Nc5 13. Qc2 a5 14. Rfe1 g6 15. f4 Bg7 16. Rad1 Qe7 17. Bf2 Nfd7 18. b3 Nf8 19. e5 dxe5 20. fxe5 Bxe5 21. Nxc6 bxc6 22. Bxc6 Bf5 23. Qe2 Nfd7 24. Nd5 Qd6 25. Bxa8 Rxa8 26. g4 Be4 27. Nf6+ Qxf6 28. Rxd7 Nxd7 29. Qxe4 Re8 30. Kg2 Qd6 31. Qf3 Nb8 32. Rd1 Qc6 33. Rd5 a4 34. Qd3 axb3 35. axb3 Na6 36. Qf3 Nb4 37. Rb5 Qxf3+ 38. Kxf3 Nc2 39. Rd5 Bg7 40. c5 Rb8 41. Rd3 Nb4 42. Rd1 Bf8 43. Ke4 Re8+ 44. Kf3 Rc8 45. Be1 Bxc5 46. Rd7 Nc6 47. Ke4 Nd4 48. Kd5 Nxb3 49. Rb7 Nc1 50. Bg3 Bf8 51. Rc7 Rxc7 52. Bxc7 Be7 53. Kc4 Ne2 54. Kd3 Ng1 0-1

[Event "Zuoz Engiadina op 26th"]
[Site "Zuoz"]
[Date "2019.10.12"]
[Round "7"]
[White "Schwab, Felix"]
[Black "Buergi, Oswald"]
[Result "0-1"]
[WhiteElo "1942"]
[BlackElo "2136"]
[PlyCount "52"]
[EventDate "2019.10.05"]
[EventType "swiss"]
[EventRounds "7"]
[EventCountry "SUI"]
[SourceTitle "EXT 2020"]
[Source "ChessBase"]
[SourceDate "2019.10.17"]
[SourceVersion "1"]
[SourceVersionDate "2019.10.17"]
[SourceQuality "1"]

1. e4 g6 2. d4 Bg7 3. f4 d5 4. e5 Nh6 5. Nf3 Bg4 6. Be3 0-0 7. Be2 e6 8. Nbd2 Nf5 9. Bf2 Bh6 10. g3 Bh3 11. Rg1 Bg4 12. h3 Bxf3 13. Nxf3 Nd7 14. Qd2 Rc8 15. g4 Ne7 16. h4 c5 17. h5 gxh5 18. gxh5+ Kh8 19. Ng5 cxd4 20. Bd3 Nc5 21. Bxd4 Nxd3+ 22. Qxd3 Nf5 23. 0-0-0 Rc4 24. c3 Bxg5 25. fxg5 Nxd4 26. b3 Rxc3+ 0-1

[Event "Zuoz Engiadina op 26th"]
[Site "Zuoz"]
[Date "2019.10.06"]
[Round "2"]
[White "Moggi, Christoph"]
[Black "Buergi, Oswald"]
[Result "1-0"]
[WhiteElo "1977"]
[BlackElo "2136"]
[PlyCount "81"]
[EventDate "2019.10.05"]
[EventType "swiss"]
[EventRounds "7"]
[EventCountry "SUI"]
[SourceTitle "EXT 2020"]
[Source "ChessBase"]
[SourceDate "2019.10.17"]
[SourceVersion "1"]
[SourceVersionDate "2019.10.17"]
[SourceQuality "1"]

1. d4 f5 2. Nf3 e6 3. Bf4 Nf6 4. e3 g6 5. Bd3 Bg7 6. Nbd2 0-0 7. c3 d6 8. h3 Nc6 9. Qc2 Qe7 10. Bg5 e5 11. dxe5 dxe5 12. e4 f4 13. 0-0-0 h6 14. Bxf6 Bxf6 15. g3 fxg3 16. fxg3 Be6 17. Bc4 Bxc4 18. Nxc4 Qe6 19. b3 Be7 20. Qe2 b5 21. Ne3 b4 22. c4 Nd4 23. Nxd4 exd4 24. Nd5 Bg5+ 25. Kb1 Qe5 26. h4 Be3 27. Qg4 Rf7 28. Rhf1 Qg7 29. Nxb4 Re8 30. Nd3 h5 31. Qe2 Rxe4 32. Rxf7 Qxf7 33. Rf1 Qe7 34. Qf3 Bd2 35. Kc2 Re2 36. Kd1 Rh2 37. Qd5+ Kg7 38. Qxd4+ Kh7 39. Ne5 Qd6 40. Qxd6 cxd6 41. Nf3 1-0

[Event "Zuoz Engiadina op 25th"]
[Site "Zuoz"]
[Date "2018.10.06"]
[Round "1"]
[White "Buergi, Oswald"]
[Black "Bannwart, Remo"]
[Result "1/2-1/2"]
[WhiteElo "2155"]
[BlackElo "1714"]
[PlyCount "82"]
[EventDate "2018.10.06"]
[EventType "swiss"]
[EventRounds "7"]
[EventCountry "SUI"]
[SourceTitle "CBM 186 Extra"]
[Source "ChessBase"]
[SourceDate "2018.08.24"]
[SourceVersion "1"]
[SourceVersionDate "2018.08.24"]
[SourceQuality "1"]

1. e4 b6 2. d4 Bb7 3. Bd3 e6 4. Nf3 Nf6 5. Qe2 d5 6. e5 Ne4 7. Nbd2 Nxd2 8. Bxd2 Be7 9. b4 Nd7 10. c3 c5 11. Rb1 c4 12. Bc2 b5 13. a4 a6 14. 0-0 0-0 15. a5 Re8 16. Ne1 g6 17. f4 f5 18. g4 Kh8 19. Ng2 Rg8 20. Ne3 Qf8 21. Rf3 Qf7 22. Kh1 Rg7 23. Rh3 Rag8 24. Rf1 Nb8 25. Be1 Nc6 26. Qd1 Bc8 27. Rff3 g5 28. fxg5 Bxg5 29. Ng2 Bd8 30. Rhg3 Rxg4 31. Rxg4 Rxg4 32. h3 Rg7 33. Rg3 Rxg3 34. Bxg3 Bd7 35. Nf4 Be8 36. Qe1 Bg5 37. Bd1 Bxf4 38. Bxf4 Qg6 39. Qh4 Kg7 40. Bg5 h6 41. Bf6+ Kh7 1/2-1/2

[Event "EU-chT Railways USIC"]
[Site "Korenov"]
[Date "2017.10.10"]
[Round "1.1"]
[White "Van Espen, Eddy"]
[Black "Buergi, Oswald"]
[Result "1-0"]
[WhiteElo "2032"]
[BlackElo "2155"]
[PlyCount "107"]
[EventDate "2017.10.10"]
[EventType "team-tourn"]
[EventRounds "5"]
[EventCountry "CZE"]
[SourceTitle "CBM 181 Extra"]
[Source "ChessBase"]
[SourceDate "2017.12.12"]
[SourceVersion "1"]
[SourceVersionDate "2017.12.12"]
[SourceQuality "1"]
[WhiteTeam "Belgium"]
[BlackTeam "Switzerland"]
[WhiteTeamCountry "BEL"]
[BlackTeamCountry "SUI"]

1. Nf3 d6 2. c4 f5 3. d4 Nf6 4. Nc3 g6 5. b3 Bg7 6. Bb2 0-0 7. Qc2 Nc6 8. Rd1 e6 9. e3 Qe7 10. Be2 e5 11. d5 Nd8 12. 0-0 Nf7 13. b4 Bh6 14. Ba3 e4 15. Nd4 f4 16. exf4 Bxf4 17. g3 Bh6 18. Ne6 Bxe6 19. dxe6 Qxe6 20. Nd5 Ne8 21. f4 c6 22. Nc3 Nf6 23. b5 Rfe8 24. bxc6 bxc6 25. Rb1 d5 26. cxd5 Nxd5 27. Nd1 Rab8 28. Bc5 a5 29. Bc4 Rxb1 30. Qxb1 Bg7 31. a4 Qf5 32. Re1 Kh8 33. Bf2 Nd6 34. Qb3 h6 35. Bf1 Qe6 36. Bg2 Nxf4 37. Qxe6 Nxe6 38. Bxe4 Nxe4 39. Rxe4 Kg8 40. Rc4 c5 41. Nc3 Bd4 42. Ne4 Rb8 43. Rc2 Rb1+ 44. Kg2 Ra1 45. Nxc5 Bxc5 46. Bxc5 Rxa4 47. Bb6 Ra1 48. Kf3 a4 49. Ke4 a3 50. Bd4 Re1+ 51. Kd5 Kf7 52. Rf2+ Ke7 53. Bc3 Rd1+ 54. Kc4 1-0

[Event "Rail 6 countries 24th"]
[Site "Bad Salzuflen"]
[Date "2013.06.29"]
[Round "3.1"]
[White "Van Espen, Eddy"]
[Black "Buergi, Oswald"]
[Result "0-1"]
[WhiteElo "2099"]
[BlackElo "2150"]
[PlyCount "78"]
[EventDate "2013.06.28"]
[EventType "team-tourn"]
[EventRounds "5"]
[EventCountry "GER"]
[SourceTitle "EXT 2014"]
[Source "ChessBase"]
[SourceDate "2013.11.20"]
[SourceVersion "1"]
[SourceVersionDate "2013.11.20"]
[SourceQuality "1"]
[WhiteTeam "Belgium"]
[BlackTeam "Switzerland"]
[WhiteTeamCountry "BEL"]
[BlackTeamCountry "SUI"]

1. Nf3 g6 2. e4 Bg7 3. Bc4 d6 4. Nc3 e6 5. d3 a6 6. a3 Ne7 7. h4 d5 8. Bb3 dxe4 9. Nxe4 h6 10. d4 Nbc6 11. c3 Nd5 12. Bd2 b6 13. Qe2 Qe7 14. c4 Nf6 15. Bc3 Bb7 16. Bc2 0-0-0 17. 0-0-0 Nxe4 18. Bxe4 f5 19. Bc2 Rhe8 20. Rhe1 Qf8 21. Ba4 Bf6 22. g3 g5 23. hxg5 hxg5 24. Ne5 Bxe5 25. dxe5 Rxd1+ 26. Rxd1 Rd8 27. Bb3 Rxd1+ 28. Bxd1 g4 29. Qe3 Nd8 30. b4 Qe7 31. Be2 Nf7 32. Kb2 Ng5 33. Bd4 Ne4 34. Bd3 Qd7 35. Bc3 Nxf2 36. Bc2 Nd1+ 37. Bxd1 Qxd1 38. Qh6 Be4 39. Qxe6+ Kb7 0-1

[Event "Rail 4 Countries"]
[Site "Vienna"]
[Date "2011.11.12"]
[Round "3.1"]
[White "Egger, Andreas"]
[Black "Buergi, Oswald"]
[Result "1-0"]
[WhiteElo "2116"]
[BlackElo "2134"]
[PlyCount "71"]
[EventDate "2011.11.11"]
[EventType "team-tourn"]
[EventRounds "3"]
[EventCountry "AUT"]
[SourceTitle "EXT 2022"]
[Source "ChessBase"]
[SourceDate "2021.10.06"]
[SourceVersion "1"]
[SourceVersionDate "2021.10.06"]
[SourceQuality "1"]
[WhiteTeam "Austria USIC"]
[BlackTeam "Switzerland USIC"]
[WhiteTeamCountry "AUT"]
[BlackTeamCountry "SUI"]

1. e4 g6 2. g3 Bg7 3. Bg2 c5 4. Ne2 Nc6 5. c3 Nf6 6. d4 cxd4 7. cxd4 d5 8. e5 Ng8 9. Nbc3 e6 10. Nb5 Bf8 11. h4 h6 12. Be3 a6 13. Nbc3 Nge7 14. f3 Nf5 15. Bf2 Be7 16. h5 g5 17. Qd2 Bd7 18. Bh3 Ng7 19. g4 Qa5 20. Be3 0-0-0 21. f4 Rdg8 22. fxg5 Bxg5 23. Bxg5 hxg5 24. Rf1 Be8 25. 0-0-0 Qd8 26. Rf6 Nxh5 27. gxh5 g4 28. Bg2 Rxh5 29. Rh1 Rxh1+ 30. Bxh1 Qc7 31. Kb1 Nxe5 32. Bxd5 Nd7 33. Rh6 exd5 34. Nxd5 Qd8 35. Qf4 Nf8 36. Nb6+ 1-0

[Event "Liechtenstein op 25th"]
[Site "Triesen"]
[Date "2007.05.13"]
[Round "3"]
[White "Sorm, Daniel"]
[Black "Buergi, Oswald"]
[Result "1-0"]
[WhiteElo "2395"]
[BlackElo "2126"]
[PlyCount "71"]
[EventDate "2007.05.11"]
[EventType "swiss"]
[EventRounds "9"]
[EventCountry "LIE"]
[SourceTitle "CBM 118 Extra"]
[Source "ChessBase"]
[SourceDate "2007.07.04"]
[SourceVersion "1"]
[SourceVersionDate "2007.07.04"]
[SourceQuality "1"]

1. d4 f5 2. Nc3 Nf6 3. Bg5 d5 4. Bxf6 exf6 5. e3 Be6 6. Bd3 c6 7. Qf3 g6 8. h3 h5 9. 0-0-0 Nd7 10. g4 hxg4 11. hxg4 Rxh1 12. Qxh1 Qe7 13. gxf5 gxf5 14. Bxf5 0-0-0 15. Bxe6 Qxe6 16. Qh3 f5 17. Nge2 Nf6 18. Nf4 Qd7 19. Nd3 Ng4 20. Rh1 Bg7 21. Ne2 Qe7 22. Qf3 Qe4 23. Rh3 Bh6 24. Nc3 Qe6 25. Nf4 Qf6 26. Nce2 Bg5 27. Ng3 Kb8 28. Rh5 Re8 29. Nh3 Bh6 30. Nf4 Bg5 31. Nh3 Bh6 32. Nxf5 Nxe3 33. Qg3+ Kc8 34. fxe3 Bxe3+ 35. Nxe3 Qxd4 36. Qg4+ 1-0

[Event "Rail 4 countries 22nd"]
[Site "Arosa"]
[Date "2006.06.26"]
[Round "3.2"]
[White "Buergi, Oswald"]
[Black "Schuettig, Ruediger"]
[Result "1-0"]
[WhiteElo "1972"]
[BlackElo "2234"]
[PlyCount "69"]
[EventDate "2006.06.23"]
[EventType "team-tourn"]
[EventRounds "3"]
[EventCountry "SUI"]
[SourceTitle "CBM 113 Extra"]
[Source "ChessBase"]
[SourceDate "2006.09.14"]
[SourceVersion "1"]
[SourceVersionDate "2006.09.14"]
[SourceQuality "1"]

1. e4 d5 2. Nf3 dxe4 3. Ng5 Nf6 4. Nc3 e6 5. Ngxe4 Nxe4 6. Nxe4 c5 7. g3 Nc6 8. Bg2 Be7 9. d3 e5 10. Be3 Nd4 11. 0-0 0-0 12. Kh1 f5 13. Nc3 f4 14. Bxd4 exd4 15. Nd5 Bd6 16. Be4 Qg5 17. gxf4 Bxf4 18. Rg1 Qh4 19. Nxf4 Rxf4 20. f3 Rb8 21. Qe2 Qf6 22. Bd5+ Kf8 23. Rae1 Bd7 24. Qg2 g6 25. Qg3 Qd6 26. Re4 Rf6 27. Qg5 Kg7 28. Rge1 Rbf8 29. Re7+ R6f7 30. Bxf7 Rxf7 31. Rxf7+ Kxf7 32. Qh6 Kg8 33. Qh4 Bc6 34. Kg2 Qd5 35. Qf6 1-0

[Event "Liechtenstein op 23rd"]
[Site "Triesen"]
[Date "2005.05.02"]
[Round "4"]
[White "Buergi, Oswald"]
[Black "Siebrecht, Sebastian"]
[Result "0-1"]
[WhiteElo "2174"]
[BlackElo "2438"]
[PlyCount "62"]
[EventDate "2005.04.29"]
[EventType "swiss"]
[EventRounds "9"]
[EventCountry "LIE"]
[SourceTitle "CBM 106 Extra"]
[Source "ChessBase"]
[SourceDate "2005.07.01"]
[SourceVersion "1"]
[SourceVersionDate "2005.07.01"]
[SourceQuality "1"]

1. e4 c5 2. b4 cxb4 3. a3 e6 4. axb4 Bxb4 5. Bb2 Nf6 6. e5 Nd5 7. Qg4 Bf8 8. Na3 f5 9. exf6 Nxf6 10. Qg3 Nc6 11. Bd3 Nb4 12. Be2 d5 13. Nh3 Qd7 14. 0-0 Bd6 15. f4 0-0 16. d3 Qc7 17. c4 Qb6+ 18. Kh1 Bd7 19. Ng5 h6 20. Nf3 Qe3 21. Ne5 Qxe2 22. Rf2 Nh5 23. Rxe2 Nxg3+ 24. hxg3 Bxe5 25. Bxe5 Nxd3 26. Bd6 Rfc8 27. f5 dxc4 28. fxe6 Be8 29. Rb1 Rc6 30. Be7 b6 31. Rd1 Bh5 0-1

[Event "Liechtenstein op 22nd"]
[Site "Triesen"]
[Date "2004.05.16"]
[Round "3"]
[White "Buergi, Oswald"]
[Black "Goeldi, Hans"]
[Result "1-0"]
[WhiteElo "2187"]
[BlackElo "2053"]
[PlyCount "65"]
[EventDate "2004.05.14"]
[EventType "swiss"]
[EventRounds "9"]
[EventCountry "LIE"]
[SourceTitle "CBM 100 Extra"]
[Source "ChessBase"]
[SourceDate "2004.07.06"]
[SourceVersion "2"]
[SourceVersionDate "2004.07.06"]
[SourceQuality "1"]

1. e4 d6 2. d4 Nf6 3. Nc3 g6 4. Be3 Bg7 5. Qd2 c6 6. f3 b5 7. a3 a6 8. h4 h5 9. Nh3 Bxh3 10. Rxh3 Nbd7 11. Be2 Nb6 12. b3 Qc7 13. Kf2 Rd8 14. Rhh1 c5 15. d5 c4 16. Bd4 Kf8 17. b4 Ne8 18. f4 e5 19. dxe6 fxe6 20. Raf1 Bxd4+ 21. Qxd4 e5 22. Qe3 exf4 23. Ke1 Kg7 24. Rxf4 Kh7 25. Rhf1 Rd7 26. g4 Ng7 27. gxh5 Nxh5 28. Bxh5 gxh5 29. Qf3 Rc8 30. Rg1 Kh8 31. Rf8+ Rxf8 32. Qxf8+ Kh7 33. Qg8+ 1-0

[Event "Liechtenstein op 22nd"]
[Site "Triesen"]
[Date "2004.05.15"]
[Round "2"]
[White "Brestian, Egon"]
[Black "Buergi, Oswald"]
[Result "1-0"]
[WhiteElo "2431"]
[BlackElo "2187"]
[PlyCount "113"]
[EventDate "2004.05.14"]
[EventType "swiss"]
[EventRounds "9"]
[EventCountry "LIE"]
[SourceTitle "CBM 100 Extra"]
[Source "ChessBase"]
[SourceDate "2004.07.06"]
[SourceVersion "2"]
[SourceVersionDate "2004.07.06"]
[SourceQuality "1"]

1. Nf3 f5 2. d4 g6 3. g3 Nf6 4. Bg2 Bg7 5. 0-0 0-0 6. c4 d6 7. Nc3 c6 8. b3 Qe8 9. Ba3 Na6 10. Rc1 Nc7 11. Qd3 Bd7 12. Rce1 b5 13. e4 a5 14. e5 dxe5 15. dxe5 Ng4 16. h3 Nh6 17. Bc1 Rd8 18. Rd1 Nf7 19. Qe2 Ne6 20. Rfe1 b4 21. Na4 c5 22. Nb6 Bc6 23. Nd5 Nd4 24. Nxd4 cxd4 25. e6 Bxd5 26. Bxd5 Nd6 27. Bb2 Nb5 28. Qf3 Rxd5 29. Qxd5 Nc3 30. Bxc3 bxc3 31. Rxd4 Bxd4 32. Qxd4 c2 33. Qd2 f4 34. Qxc2 fxg3 35. fxg3 Qc6 36. Qe4 Qc5+ 37. Qe3 Qc6 38. Qe4 Qc5+ 39. Qe3 Qc6 40. Rf1 Rxf1+ 41. Kxf1 Qh1+ 42. Ke2 Qxh3 43. Kd3 Qf1+ 44. Ke4 Qf5+ 45. Kd4 Qf8 46. c5 Qd8+ 47. Kc4 Qa8 48. Kb5 Qb7+ 49. Kxa5 Qa7+ 50. Kb4 Qxa2 51. c6 Qc2 52. Kb5 Qf5+ 53. Qc5 Qf3 54. Qc4 Kg7 55. Kb6 Qxg3 56. c7 Qe3+ 57. Ka6 1-0

[Event "Meiringen SVSE 42nd"]
[Site "Meiringen"]
[Date "2000.04.18"]
[Round "6"]
[White "Muelli, Thomas"]
[Black "Buergi, Oswald"]
[Result "1-0"]
[WhiteElo "1958"]
[BlackElo "1984"]
[PlyCount "83"]
[EventDate "2000.04.13"]
[EventType "tourn"]
[EventRounds "7"]
[EventCountry "SUI"]
[SourceTitle "EXT 2004"]
[Source "ChessBase"]
[SourceDate "2003.11.25"]
[SourceVersion "1"]
[SourceVersionDate "2003.11.25"]
[SourceQuality "1"]

1. d4 Nf6 2. Bg5 c5 3. Bxf6 gxf6 4. d5 Qb6 5. Qc1 f5 6. c4 Bg7 7. Nc3 d6 8. e3 Nd7 9. Nge2 Nf6 10. Rb1 e5 11. g3 0-0 12. Bg2 Bh6 13. 0-0 f4 14. exf4 Bf5 15. Ra1 Bd3 16. b3 exf4 17. gxf4 Rae8 18. Qd2 Bxe2 19. Nxe2 Nh5 20. Bf3 Nxf4 21. Nxf4 Qd8 22. Kh1 Qf6 23. Rg1+ Kh8 24. Ng6+ fxg6 25. Qxh6 Qxf3+ 26. Rg2 Rf5 27. Qh4 Rfe5 28. Rag1 Re1 29. h3 Rxg1+ 30. Kxg1 Re1+ 31. Kh2 Qd1 32. Qd8+ Kg7 33. Qd7+ Kh6 34. Qxd6 Rh1+ 35. Kg3 Qd3+ 36. f3 Rf1 37. Qf4+ g5 38. Qf6+ Kh5 39. h4 gxh4+ 40. Qxh4+ Kg6 41. Kh2+ Kf7 42. Qf4+ 1-0

[Event "Meiringen SVSE 42nd"]
[Site "Meiringen"]
[Date "2000.04.14"]
[Round "2"]
[White "Keller, Andreas1111"]
[Black "Buergi, Oswald"]
[Result "0-1"]
[WhiteElo "1935"]
[BlackElo "1984"]
[PlyCount "86"]
[EventDate "2000.04.13"]
[EventType "tourn"]
[EventRounds "7"]
[EventCountry "SUI"]
[SourceTitle "EXT 2004"]
[Source "ChessBase"]
[SourceDate "2003.11.25"]
[SourceVersion "1"]
[SourceVersionDate "2003.11.25"]
[SourceQuality "1"]

1. e4 g6 2. d4 Bg7 3. Nf3 c6 4. Bd3 d5 5. e5 Bg4 6. Nbd2 e6 7. h3 Bxf3 8. Nxf3 Ne7 9. 0-0 0-0 10. Re1 c5 11. dxc5 Qc7 12. Bg5 Nec6 13. Qd2 Nxe5 14. Nxe5 Bxe5 15. c3 Nd7 16. b4 b6 17. Bb5 Nf6 18. f4 Ne4 19. Rxe4 Bg7 20. Re2 bxc5 21. f5 cxb4 22. f6 bxc3 23. Qd4 Bh8 24. Rc1 Rfc8 25. Bf4 Qc5 26. Be5 Qxb5 27. Rec2 Rc4 28. Rxc3 Rxc3 29. Qxc3 Qd7 30. a4 Qxa4 31. Qc8+ Qe8 32. Qxe8+ Rxe8 33. Rc7 Ra8 34. g4 h6 35. h4 g5 36. h5 a5 37. Kf2 a4 38. Rc2 Kf8 39. Ke3 a3 40. Ra2 Ra4 41. Kf3 Bxf6 42. Bd6+ Be7 43. Be5 f6 0-1

[Event "Meiringen SVSE 41st"]
[Site "Meiringen"]
[Date "1999.04.20"]
[Round "6"]
[White "Buergi, Oswald"]
[Black "Riesen, Markus"]
[Result "0-1"]
[WhiteElo "1974"]
[BlackElo "1877"]
[PlyCount "113"]
[EventDate "1999.04.15"]
[EventType "tourn"]
[EventRounds "7"]
[EventCountry "SUI"]
[SourceTitle "EXT 2004"]
[Source "ChessBase"]
[SourceDate "2003.11.25"]
[SourceVersion "1"]
[SourceVersionDate "2003.11.25"]
[SourceQuality "1"]

1. e4 c5 2. d4 cxd4 3. c3 dxc3 4. Nxc3 Nc6 5. Nf3 d6 6. Bc4 e6 7. 0-0 Be7 8. Qe2 a6 9. Rd1 Bd7 10. Bf4 e5 11. Be3 Nf6 12. a3 0-0 13. b4 b5 14. Bb3 Qb8 15. Rac1 Qb7 16. Nd5 Nxd5 17. Bxd5 Rac8 18. h3 h6 19. Nh2 Kh7 20. Qh5 f5 21. exf5 Bxf5 22. Qf3 Bd7 23. Be4+ Kh8 24. Qg3 Be8 25. Nf3 Rf6 26. Nh4 Bf8 27. Kh2 Qd7 28. Ng6+ Bxg6 29. Bxg6 Ne7 30. Bh5 Rxc1 31. Rxc1 Nf5 32. Bg4 d5 33. Bc5 Bd6 34. Bxd6 Qxd6 35. Rc8+ Kh7 36. Qc3 Ne7 37. Rc7 e4+ 38. Kg1 d4 39. Qc1 d3 40. Rd7 Qe5 41. Qc5 Qxc5 42. bxc5 Nc6 43. Rd6 Kg6 44. Kf1 Rxd6 45. cxd6 Kf6 46. Bc8 a5 47. Bb7 Ne5 48. Bxe4 Ke6 49. Ke1 Kxd6 50. Kd1 Kc5 51. Kc1 a4 52. f4 d2+ 53. Kxd2 Nc4+ 54. Ke1 Nxa3 55. g4 Nc4 56. h4 b4 57. g5 0-1

[Event "Meiringen SVSE 41st"]
[Site "Meiringen"]
[Date "1999.04.17"]
[Round "3"]
[White "Gisler, Maurice"]
[Black "Buergi, Oswald"]
[Result "0-1"]
[WhiteElo "1950"]
[BlackElo "1974"]
[PlyCount "90"]
[EventDate "1999.04.15"]
[EventType "tourn"]
[EventRounds "7"]
[EventCountry "SUI"]
[SourceTitle "EXT 2004"]
[Source "ChessBase"]
[SourceDate "2003.11.25"]
[SourceVersion "1"]
[SourceVersionDate "2003.11.25"]
[SourceQuality "1"]

1. e4 g6 2. f4 c6 3. d3 d5 4. Qe2 Bg7 5. Nc3 h5 6. Nf3 Bg4 7. h3 Bxf3 8. Qxf3 e6 9. g3 Ne7 10. Be2 Qb6 11. Nd1 c5 12. c3 Nbc6 13. Ne3 0-0-0 14. 0-0 g5 15. fxg5 Ne5 16. Qg2 dxe4 17. Qxe4 Qc7 18. Kg2 h4 19. gxh4 Rdf8 20. Nc4 f5 21. gxf6 Bxf6 22. Nxe5 Bxe5 23. Rxf8+ Rxf8 24. Bg4 Nf5 25. Bxf5 exf5 26. Qf3 f4 27. Qg4+ Kb8 28. Bd2 Qf7 29. Kf2 Qh7 30. Rg1 Qxd3 31. Qe2 Qd6 32. Rg5 Bf6 33. Rg4 f3 34. Qe3 Qh2+ 35. Ke1 Bxh4+ 36. Kd1 f2 37. Rf4 f1Q+ 38. Rxf1 Rxf1+ 39. Kc2 Rf8 40. Qh6 Rd8 41. Qxh4 Qxd2+ 42. Kb3 Qd1+ 43. Ka3 b5 44. Qf4+ Qd6 45. Qg5 Qa6+ 0-1